Villes de France en 13 lettres - Carte Quiz - Statistiques

Statistiques générales
  • Ce quiz a été pris 573 fois
  • Le résultat moyen est 10 sur 15
Réponses sur la Carte
Les réponses sont colorées sur une échelle allant du rouge au vert en fonction du pourcentage des utilisateurs qui les ont devinées à leur premier essai. Vous pouvez retrouver ces pourcentages ci-dessous.
 
Statistiques - réponses
Réponse % Correct
Aix-en-Provence
90%
Mantes-la-Jolie
83%
La Roche-sur-Yon
82%
Aubervilliers
77%
Bourg-en-Bresse
73%
Digne-les-Bains
73%
Hénin-Beaumont
72%
La Grande-Motte
72%
La Seyne-sur-Mer
72%
Lons-le-Saunier
67%
Châtellerault
65%
La Teste-de-Buch
62%
Saint-Herblain
56%
Tournefeuille
52%
Cesson-Sévigné
51%
Aucun quiz correspondant
Distribution des résultats
% des personnes avec chaque résultat
Percentile par nombre de réponses
Votre historique - résultats
Vous n’avez pas pris ce quiz